000 00547nam a22002057a 4500
005 20160718094452.0
008 160718b xxu||||| |||| 00| 0 eng d
020 _a9780099441960
_c599
040 _beng
041 _aEnglish
082 _a809
_bGAY
100 _aGay, Peter
245 _aModernism
_bThe lure of Heresy from Baudelaire to Beckett and beyond
_cPeter Gay
260 _aLondon
_bVintage Books
_c2009
300 _axxii,610p
_b23 cm; ill
504 _aIncludes index
650 _aModernism
850 _aLCLIB
_bPG
942 _cBK
999 _c40681
_d91160